Представление документа в формате MARC21

Поле Инд. ПП Название Значение
Тип записи a
Библиографический уровень m
001 Контрольный номер RU/IS/BASE/621695568
005 Дата корректировки 20220726091523.0
020 a ISBN 978-5-04-098899-0
040 b Код языка каталог. rus
041 0_ a Код языка текста rus
080 a Индекс УДК 821.111(73)
084 a Индекс другой классификации/Индекс ББК 84(7Сое)
090 a Полочн. индекс 84(7Сое)
x Авторский знак Г34
097 b Оператор 02
100 1_ a Автор Генри О.
245 10 a Заглавие Предвестник весны
c Ответственность пер. с англ. М. Лорие
260 a Место издания Москва
b Издательство Эксмо
c Дата издания 2018
300 a Объем 320 с.
440 _0 a Серия Книга в сумочку
510 0_ a Примечание о ссылках Книги и методические пособия
650 04 a Основная рубрика 17.82 Произведения художественной литературы
x Основная подрубрика 17.82.32 Рассказы, новеллы (малые формы)
653 0_ a Ключевые слова рассказы
901 t Тип документа m